000 00443nam a2200169Ia 4500
001 1714
003 IN-NITTTR
005 20251114232919.0
008 251113s9999||||xx |||||||||||||| ||eng||
040 _beng
040 _cIN-NITTTR
041 _aeng
082 _a624.1713 C273S
100 _aCassie, W. Fisher
245 0 _aStructural analysis :
_b the solution of statically indeterminate structures /
_cCassie, W. Fisher
942 _2ddc
_cBK
999 _c2408
_d2408